| 000 | 01228nam a2200325 i 4500 | ||
|---|---|---|---|
| 003 | EG-GICUC | ||
| 005 | 20260203173051.0 | ||
| 008 | 260203s1999 ua |||fr|||| 00| 0 Ara d | ||
| 040 |
_a EG-GICUC _bara _c EG-GICUC _d EG-GICUC _erda |
||
| 041 | 1 | _aAra | |
| 082 | 0 | 4 |
_221 _a251 _bأ ح . أ |
| 092 | 0 | 4 | _221 |
| 099 | _aLaw1 01 251 أ ح . أ 1999 | ||
| 100 | 0 |
_aأحمد النجدى زهو. _eمؤلف. |
|
| 245 | 0 | 1 |
_aأصول الفقه الإسلامى. _nالجزء الأول / _cتأليف الدكتور أحمد النجدى زهو. |
| 264 | 0 | _c1999. | |
| 300 |
_a303 صفحة، صفحات غير مرقمة ؛ _c24 سم. _bإيضاحيات، صور، مثيليات ؛ |
||
| 336 |
_2rda content _atext |
||
| 337 |
_2rda media _aComputer |
||
| 338 |
_2rda carrier _aOnline Resource |
||
| 500 | _aحقوق الطبع محفوظة للمؤلف. | ||
| 504 | _aتشتمل على إرجاعات ببليوجرافية | ||
| 546 | _aالنص باللغة العربية | ||
| 650 | 1 |
_aالفقه الإسلامى. _2qrmak |
|
| 650 | 1 |
_aالشريعة الإسلامية. _2qrmak |
|
| 651 | 1 | _2qrmak | |
| 856 | 4 | 0 | _uhttps://fll.law.cu.edu.eg/fulltext/bks/B01-04961.pdf |
| 905 | _a62 | ||
| 942 |
_2ddc _cBK _e21 _n0 |
||
| 999 |
_c60720 _d60720 |
||